Responses for show #3494 - Thursday, November 11, 1999

1999-B Teen Tournament final game 1.
From the Theater at Madison Square Garden, New York City.

Contestants

[<< previous game]

Chacko George, a junior from Slidell, Louisiana

Kristi Jones, a junior from Warsaw, Ohio

Emily Deveau, a junior from St. Johns, Michigan

[next game >>]

Jeopardy! Round responses

BOOKS & AUTHORS
TEENS ON BROADWAY
BODY LANGUAGE
NEWSPAPER TOWNS
(Alex: We want you to name the city in which the newspaper is based.)
AMERICAN HISTORY
IT'S IMPERATIVE
    $100 2
"The Lost World"

Emily
    $100 1
Annie

Chacko
    $100 22
pupil

Emily
    $100 12
Phoenix

Kristi
    $100 11
(Emily: What are the Articles of Confederation?)

the Constitution

EmilyKristi
    $100 21
"Be Prepared"

Triple Stumper
    $200 7
"Dune"

Triple Stumper
    $200 3
Ally McBeal

Emily
    $200 23
the heart

Kristi
    $200 13
Moscow

Kristi
    $200 17
Davy Crockett

Kristi
    $200 24
(Alex: We have less than a minute to go in the round.)

"Come on down!"

Kristi
    $300 8
(Emily: What is "The Green Mile"?)

"The Dark Tower"

Emily
Triple Stumper
    $300 4
Anne Frank

Emily
    $300 30
salivary glands

Chacko
    $300 14
(Chacko: What is New York?)

Philadelphia

Chacko
Triple Stumper
    $300 18
Pikes Peak

Chacko
    $300 25
(Chacko: What is collect $200?)

Pass Go

Chacko
    $600 9
John Grisham

Emily
    $400 5
Oliver!

Emily
    $400 29
cranium

Kristi
    $400 15
Rio de Janeiro

Kristi
    $400 19
"Dust Bowl"

Chacko
    $400 28
To a nunnery

Emily
    $500 10
Roald Dahl

Emily
    $500 6
Footloose

Emily
    $500 26
Collarbone

Chacko
    $500 16
Denver

Emily
    $500 20
Bull moose

Chacko
    $500 27
(Kristi: What is "as they would do unto you"?)
(Chacko: What is "as they would do unto you"?)

as you would have them do unto you

EmilyKristiChacko

Scores at the first commercial break (after clue 13):

Emily Kristi Chacko
$2,200 $400 $100

Scores at the end of the Jeopardy! Round:

Emily Kristi Chacko
$3,700 $1,300 $1,600

Double Jeopardy! Round responses

OLD EGYPT
TECH BUSINESS & INDUSTRY
THAT'S ENTERTAINMENT!
MOUNTAINS HIGH
FAMOUS WOMEN
A "MAN"LY CATEGORY
    $200 1
crocodiles

Chacko
    $200 16
Xerox

Chacko
    $200 18
Forrest Gump

Emily
    $200 11
(Emily: What is Mount Fiji?)

Mount Fuji

EmilyChacko
    $200 23
(Alex: We have a minute to go.)

Hillary Rodham Clinton

Kristi
    $200 6
Manhattan

Emily
    $400 2
papyrus

Kristi
    $400 17
Quicken

Kristi
    $400 19
Luke Perry

Emily
    $400 12
(Kristi: What is Mount St. Helens?)

Mount Rainier

KristiChacko
    $400 24
(Emily: Who is Emily?)

Charlotte

EmilyChacko
    $400 7
Manhunt

Chacko
    $600 3
Tutankhamun

Kristi
    $600 27
(Chacko: What is MCI?)

AT&T

KristiChacko
    $600 20
Rick Moranis

Chacko
    $600 13
Mount Etna

Chacko
    $600 28
Sacajawea

Kristi
    $600 8
a mannequin

Emily
    $800 4
a beard

Chacko
    $800 26
56K

Chacko
    $800 21
the Offspring

Kristi
    $1,500 14
K2

Chacko
    $800 29
Eileen Collins

Triple Stumper
    $800 9
Manholes

Chacko
    $1000 5
archaeologist

Triple Stumper
    $1000 25
Linux

Chacko
    $1,000 22
I Still Know What You Did Last Summer

Kristi
    $1000 15
Mount Kilimanjaro

Chacko
    $1000 30
Mary Baker Eddy

Emily
    $1000 10
mandatory

Kristi

Scores at the end of the Double Jeopardy! Round:

Emily Kristi Chacko
$5,500 $6,500 $9,900

Final Jeopardy! Round responses

U.S. LAKES
EmilyWhat is The Great Salt Lake
$3,000
KristiWhat is the Great Salt Lake?
$2,000
ChackoWhat is Lake Champlain?
$2,100
The Great Salt Lake

Final scores:

Emily Kristi Chacko
$2,500 $8,500 $7,800

Game dynamics:

Coryat scores:

Emily Kristi Chacko
$5,300 $6,500 $9,200
16 R
(including 1 DD),
4 W
17 R
(including 1 DD),
2 W
21 R
(including 1 DD),
3 W

Combined Coryat: $21,000

The J! Archive is created by fans, for fans. The Jeopardy! game show and all elements thereof, including but not limited to copyright and trademark thereto, are the property of Jeopardy Productions, Inc. and are protected under law. This website is not affiliated with, sponsored by, or operated by Jeopardy Productions, Inc. Join the discussion at JBoard.tv.